<?xml version="1.0" encoding="UTF-8"?>
<record
    xmlns:xsi="http://www.w3.org/2001/XMLSchema-instance"
    xsi:schemaLocation="http://www.loc.gov/MARC21/slim http://www.loc.gov/standards/marcxml/schema/MARC21slim.xsd"
    xmlns="http://www.loc.gov/MARC21/slim">

  <leader>00574nam a22002057a 4500</leader>
  <controlfield tag="003">330010</controlfield>
  <controlfield tag="005">20240415110535.0</controlfield>
  <controlfield tag="008">240415b        sa ||||| |||| 00| 0 eng d</controlfield>
  <datafield tag="020" ind1=" " ind2=" ">
    <subfield code="a">9781406323696</subfield>
  </datafield>
  <datafield tag="040" ind1=" " ind2=" ">
    <subfield code="c">3228</subfield>
  </datafield>
  <datafield tag="082" ind1=" " ind2=" ">
    <subfield code="a">EKF FREN</subfield>
  </datafield>
  <datafield tag="100" ind1=" " ind2=" ">
    <subfield code="a">French Vivian</subfield>
    <subfield code="9">4377</subfield>
  </datafield>
  <datafield tag="245" ind1=" " ind2=" ">
    <subfield code="a">Polly pinky pyjamas</subfield>
    <subfield code="c">Sue Heap (Illustrator)</subfield>
  </datafield>
  <datafield tag="260" ind1=" " ind2=" ">
    <subfield code="a">London</subfield>
    <subfield code="b">Walker books LTD</subfield>
  </datafield>
  <datafield tag="300" ind1=" " ind2=" ">
    <subfield code="a">unnumbered pages</subfield>
    <subfield code="c">30Cm</subfield>
  </datafield>
  <datafield tag="600" ind1=" " ind2=" ">
    <subfield code="a">French Vivian</subfield>
    <subfield code="9">4377</subfield>
  </datafield>
  <datafield tag="700" ind1=" " ind2=" ">
    <subfield code="a">French Vivian</subfield>
    <subfield code="9">4377</subfield>
  </datafield>
  <datafield tag="800" ind1=" " ind2=" ">
    <subfield code="4">Author</subfield>
    <subfield code="a">French Vivian</subfield>
    <subfield code="9">4377</subfield>
  </datafield>
  <datafield tag="942" ind1=" " ind2=" ">
    <subfield code="2">ddc</subfield>
    <subfield code="c">BOOK</subfield>
    <subfield code="h">EKF FREIN</subfield>
    <subfield code="w">625</subfield>
    <subfield code="x">Precious Sibiya</subfield>
    <subfield code="y">625</subfield>
    <subfield code="z">Precious Sibiya</subfield>
  </datafield>
  <datafield tag="999" ind1=" " ind2=" ">
    <subfield code="c">762794</subfield>
    <subfield code="d">762793</subfield>
  </datafield>
</record>
